| Поле | Инд. | ПП | Название | Значение |
|---|---|---|---|---|
| Тип записи | a | |||
| Библиографический уровень | a | |||
| 001 | Контрольный номер | 029da4c468a0497697eaaa6123fac3d5 | ||
| 005 | Дата корректировки | 20221206133439.0 | ||
| 041 | 0_ | a | Код языка текста | rus |
| 080 | a | Индекс УДК | 621.92 | |
| 097 | b | Оператор | *Т* | |
| 100 | 1_ | a | Автор | Кондратьев А.В. |
| 245 | 10 | a | Заглавие | Совершенствование конструкции дискового грохота |
| b | Продолж. заглавия | статья | ||
| p | Название части/ раздела | - Текст : электронный | ||
| 260 | a | Место издания | Тверь | |
| b | Издательство | ТвГТУ | ||
| 520 | 0_ | a | Аннотация | в статье обосновывается целесообразность использования дисковых грохотов для классификации гравия и щебня на сортировочных комплексах дорожно-строительной техники. Приводится анализ конструктивных схем дисковых грохотов, обосновывается рациональная конструкция разделительного устройства с позиции повышения эффективности и производительности процесса фракционирования каменных материалов. |
| 653 | 0_ | a | Ключевые слова | дисковый грохот, валы, эффективность грохочения, производительность, интенсивность просеивания, гравий, щебень |
| 700 | 12 | a | Другие авторы | Гусаров А.А. |
| 700 | 12 | a | Другие авторы | Комиссаров Д.А. |
| 700 | 12 | a | Другие авторы | Цыганок Н.Л. |
| 773 | 18 | w | Контрольный № источника | ee5ee90ba01244638c9e028a88440eef |
| t | Название источника | Теоретические исследования и экспериментальные разработки студентов и аспирантов : материалы Всероссийской (национальной) научно-практической конференции, 2022 г., Тверь : в 2 частях / под редакцией Т.Б. Новиченковой | ||
| d | Место и дата издания | Тверь : Тверской государственный технический университет, 2022 | ||
| g | Прочая информация | Ч. 1. - С. 60-65 | ||
| 773 | 18 | z | ISBN | 978-5-7995-1232-3 |
| 901 | t | Тип документа | a | |
| 905 | a | Дата создания записи | 27.10.22 | |
| 950 | a | Редактор записи | мс |